000 01454nam a2200397 c 4500
001 16727
003 ES-MaCES
005 20220413113000.0
008 040802s2004 sp 000 | spa d
017 _aAB 81-2004
_bDL
020 _a8493357650
035 _aCES20040010124m
040 _aES-MaCES
_bspa
_cES-MaCES
100 1 _aTarancón Pérez, Encarna
_924696
245 1 0 _aPrestaciones del régimen géneral de la Seguridad Social
_cEncarnación Tarancón Pérez
246 3 _aCurso de formación de delegados/as sindicales 2002
246 3 _aCC.OO., Plan Confederal de Formación Sindical
250 _a1ª ed
260 _aAlbacete
_bAltabán
_c2004
300 _a268 p.
_c24 cm
500 _aEn la cub.: Curso de formación de delegados/as sindicales 2002
500 _aEn la cub., además: Escuela Sindical Juan Muñiz Zapico, CC.OO., Plan Confederal de Formación Sindical
541 _cGratuito
650 4 _aseguridad social
_927034
650 4 _arégimen universal de prestaciones
_930153
650 4 _afinanciación de la seguridad social
_930265
650 4 _alegislación de seguridad social
_929855
650 4 _aEspaña
_926964
650 4 _aestudio de casos
_928846
650 4 _amanual de formación sindical
_931749
653 1 0 _aSeguridad Social
710 2 _aEscuela Sindical Juan Muñiz Zapico
_92712
902 _aLIB Libro
942 _2CES
_cBK
_h3.0.
999 _c16727
_d16727